|
|
|
|
| LEADER |
01124nam a22002177a 4500 |
| 008 |
180420b xxu||||| |||| 00| 0 eng d |
| 999 |
|
|
|c 22260
|d 22260
|
| 020 |
|
|
|a 9788192064505
|
| 082 |
|
|
|a 894.11
|b NAR
|
| 100 |
|
|
|a നാരാണന്, പി. എം.
|
| 240 |
|
|
|a Vakkinte karakal /
|
| 245 |
|
|
|a വാക്കിന്റെ കരകള് /
|c പി. എം. നാരാണന്
|
| 250 |
|
|
|a 1st ed.
|
| 260 |
|
|
|a കോഴിക്കോട് :
|b കേരള ബുക്ക് ട്രസ്റ്റ്,
|c 2013.
|
| 300 |
|
|
|a 65p.
|
| 650 |
|
|
|a Poems
|
| 700 |
|
|
|a Narayanan, P. M.
|
| 942 |
|
|
|2 ddc
|c BK
|
| 952 |
|
|
|0 0
|1 0
|2 ddc
|4 0
|6 894_110000000000000_NAR
|7 0
|9 30832
|a MAIN
|b MAIN
|d 2018-04-20
|e Kerala Book Trust
|g 55.00
|o 894.11 NAR
|p 30348
|r 2018-04-20
|t 1
|w 2018-04-20
|y BK
|
| 952 |
|
|
|0 0
|1 0
|2 ddc
|4 0
|6 894_110000000000000_NAR
|7 0
|9 32923
|a MAIN
|b MAIN
|d 2018-07-19
|e GIft - (K. Jayakumar)
|g 55.00
|o 894.11 NAR
|p 32460
|r 2018-07-19
|t 1
|w 2018-07-19
|y BK
|
| 952 |
|
|
|0 0
|1 0
|2 ddc
|4 0
|5 1
|6 W_894_110000000000000_NAR
|7 0
|9 38007
|a MAIN
|b MAIN
|d 2019-11-07
|e Prof. Raghava warrier Gift
|g 55.00
|o W 894.11 NAR
|p 36642
|r 2019-11-07
|t 1
|w 2019-11-07
|y REF
|